| 000 | 01793nam a2200373 a 4500 | ||
|---|---|---|---|
| 001 | ebr10563899 | ||
| 003 | CaPaEBR | ||
| 006 | m u | ||
| 007 | cr cn||||||||| | ||
| 008 | 111123s2012 dcua sb 000 0 eng d | ||
| 010 | _z 2011048884 | ||
| 020 | _z9780821394694 (alk. paper) | ||
| 020 | _z9780821394700 (e-book) | ||
| 040 |
_aCaPaEBR _cCaPaEBR |
||
| 035 | _a(OCoLC)794328934 | ||
| 050 | 1 | 4 |
_aRA412 _b.C74 2012eb |
| 082 | 0 | 4 |
_a362.1 _223 |
| 245 | 0 | 0 |
_aCreating evidence for better health financing decisions _h[electronic resource] : _ba strategic guide for the institutionalization of national health accounts / _cAkiko Maeda ... [et al.]. |
| 260 |
_aWashington D.C. : _bWorld Bank, _cc2012. |
||
| 300 |
_axxxviii, 344 p. : _bill. |
||
| 490 | 1 | _aDirections in development (Washington, D.C.). Human development | |
| 504 | _aIncludes bibliographical references. | ||
| 505 | 0 | _aThe case for institutionalizing national health accounts -- Governance structures for NHA -- Building capacity to sustain NHA activities -- Financing strategy for NHA -- Translation and dissemination of NHA -- The value of global and regional partners. | |
| 533 |
_aElectronic reproduction. _bPalo Alto, Calif. : _cebrary, _d2013. _nAvailable via World Wide Web. _nAccess may be limited to ebrary affiliated libraries. |
||
| 650 | 0 |
_aNational health services _xEconomic aspects. |
|
| 650 | 0 | _aMedical economics. | |
| 650 | 0 | _aMedical care, Cost of. | |
| 655 | 7 |
_aElectronic books. _2local |
|
| 700 | 1 | _aMaeda, Akiko. | |
| 710 | 2 | _aWorld Bank. | |
| 710 | 2 | _aebrary, Inc. | |
| 830 | 0 |
_aDirections in development (Washington, D.C.). _pHuman development. |
|
| 856 | 4 | 0 |
_uhttp://site.ebrary.com/lib/rucke/Doc?id=10563899 _zAn electronic book accessible through the World Wide Web; click to view |
| 999 |
_c93834 _d93834 |
||